40 'On' Movies Quiz Stats

 Plays Quiz Updated Jan 17, 2018

Challenge
Share
Tweet
Score 0/40 Timer 06:00
6 Plays Today
% Correct
13 Going
97.2%
A Nightmare
96.9%
Fiddler
93%
Murder
92.8%
Miracle
92.7%
Snakes
92.7%
All Quiet
91.3%
The Greatest Show
91.2%
Cat
88.9%
The Bridge
88.3%
Born
87.2%
Man
83.5%
Lean
83.2%
Pirates of the Caribbean:
83%
Walk
82.5%
The Last House
81.1%
Home
80.3%
Mutiny
80.1%
A Funny Thing Happened
79.1%
Bird
78.9%
% Correct
Running
78.5%
Precious: Based
76.8%
Stuck
76.7%
Knock
75.6%
Assault
73.1%
Man
73%
Strangers
72.5%
The Girl
72.3%
To Gillian
69.7%
Death
67.7%
Man
67.7%
Nuns
66.8%
Snow Falling
62.5%
Blame It
59.2%
Hell's Angels
59.1%
Notes
56.3%
Moscow
55.8%
The Effect of Gamma Rays
50.5%
Written
45.9%
Carry
42%

You're not logged in!

Compare scores with friends on all Sporcle quizzes.
OR
Log In

You Might Also Like...

Show Comments

Extras

Top Quizzes Today


Score Distribution

Your Account Isn't Verified!

In order to create a playlist on Sporcle, you need to verify the email address you used during registration. Go to your Sporcle Settings to finish the process.

Report this User

Report this user for behavior that violates our Community Guidelines.

Details: